01120nam a22002895a 450000500170000000800410001702000180005804000300007608200210010610000280012724501000015525000430025526000440029830000330034250000270037550000220040250400310042465000440045565000560049965100100055565300230056565500240058870000230061294200210063599900170065695201570067320201128021448.0150802t2013 nyua frbd 001 0 eng d a9780071318471 aEG-ScBUE bengcEG-ScBUE 04a658.022bBYR2221 aByrd, Mary Jane.93828410aSmall Business Management :ban entrepreneur's guidebook / cMary Jane Byrd, Leon C. Megginson. a7th ed., McGraw-Hill international ed. aNew York :bMcGraw-Hill Irwin,cc.2013. axx, 524 p. :bill. ;c29 cm. aGlossary : p. 489-497. aInclude indexes.  aBibliography : p. 498-507. 7aSmall businessxManagement.2BUEsh9238 7aNew business enterprisesxManagement.2BUEsh933316 2BUEsh bBUSADMcAugust2015 vreading book9342321 aMegginson, Leon C. 2ddck658.022 BYR c20409d20381 00102ddc40708BaccahaMAINbMAINc1STd2015-08-03epurchaseg398.00h21758l1m1o658.022 BYRp000039674r2025-07-15 00:00:00s2016-02-03v497.50yBB